[Event "Bad Woerishofen op"]
[Site "Bad Woerishofen"]
[Date "2001.??.??"]
[Round "8"]
[White "Rolle, Eric"]
[Black "van Hoolandt, Patrick"]
[Result "1-0"]
[WhiteElo "2113"]
[BlackElo "2211"]
[Annotator "ChessOrg"]
[PlyCount "71"]
[EventDate "1998.03.05"]
[Source "ChessBase"]
[SourceDate "1998.04.29"]

1. e4 {B07: Pirc-Ufimzew-Verteidigung} 1... d6 2. d4 g6 3. Nc3 Nf6 4. Bg5 c6 5.
Qd2 h6 6. Bh4 Bg7 7. O-O-O {letzter Buchzug} 7... O-O 8. f4 (8. Bd3 8... Qa5
$14) 8... b5 $11 9. Bd3 b4 10. Nce2 Qa5 11. Kb1 d5 (11... Re8 $5 $11 $142) 12.
e5 $16 12... Ne4 13. Bxe4 dxe4 14. Bxe7 14... Na6 $2 (14... Be6 15. b3 Re8 16.
Bxb4 $18) 15. Ng3 (15. Bxf8 $142 15... Be6 16. b3 Rxf8 17. Ng3 $18) 15... Be6
16. b3 (16. Nxe4 $4 16... Qxa2+ 17. Kc1 Qa1#) 16... Rfe8 17. Bd6 Bd5 18. N1e2
Rad8 19. f5 Kh7 20. Nf4 Bf8 (20... g5 21. Nfh5 21... Bh8 $18) 21. Bxf8 Rxf8 22.
e6 (22. Qe3 Nc7 23. Nxe4 23... Nb5 $18) 22... Rd6 $2 (22... Rc8 23. e7 Rfe8 24.
fxg6+ fxg6 25. Nxg6 Kxg6 26. Qf4 $18) 23. exf7 (23. Nxd5 Qxd5 24. Qe2 gxf5 25.
Qxa6 25... f4 $18) 23... g5 $2 (23... gxf5 $142 24. Rhf1 Rxf7 25. Nxd5 25...
Qxd5 $14) 24. Ng6 $18 (24. Nxd5 $6 24... cxd5 25. h4 25... g4 $16) 24... Rxf7
25. h4 g4 26. a4 (26. Qf4 Qd8 27. Ne5 27... Rc7 $18) 26... c5 27. Qf4 Qd8 28.
Qe5 (28. Ne5 $5 28... Rc7 29. Nxg4 29... e3 $18) 28... cxd4 (28... e3 $5 $142
29. dxc5 29... Nxc5 $18) 29. Rxd4 $18 29... Nc5 $2 (29... Rfd7 $18 $142) 30.
Rhd1 (30. Rxb4 $6 30... Bxb3 31. Qxc5 Rc7 32. Qxc7+ Qxc7 33. cxb3 Rb6 34. Nxe4
34... Kg7 $18) 30... Rfd7 31. Nh5 (31. Rxb4 $6 31... a5 32. Rb5 32... Na6 $18)
31... e3 32. Rxd5 $1 (32. Qxe3 Be4 33. Rxd6 Rxd6 34. Qxc5 Rxd1+ 35. Ka2 Bxc2
36. Qxa7+ Rd7 37. Qxd7+ Qxd7 38. Nf8+ Kg8 39. Nxd7 39... Bxf5 $18) (32. Rxb4 $6
32... e2 33. Rc1 33... Rf7 $18) 32... e2 (32... Rxd5 33. Rxd5) 33. Re1 Rxd5 34.
Nf6+ Qxf6 35. Qxf6 Rd1+ 36. Ka2 (36. Ka2 Rg7 37. Rxe2 Nxb3 38. Re7 Nc1+ 39. Kb2
Nd3+ 40. cxd3 Rd2+ 41. Kc1 Rc2+ 42. Kxc2 b3+ 43. Kxb3 Rxe7 44. Qh8#) 1-0

[Event "Bad Woerishofen op"]
[Site "?"]
[Date "2001.??.??"]
[Round "1"]
[White "Rothenhagen, Siegfried"]
[Black "Maugg, Ludwig"]
[Result "1/2-1/2"]
[WhiteElo "1715"]
[BlackElo "2160"]
[Annotator "ChessOrg"]
[PlyCount "39"]
[EventDate "2000.??.??"]

1. d4 {A45: Damenbauernspiele (Trompowski-Angriff)} 1... Nf6 2. Bf4 d6 3. e3 g6
4. Bd3 Bg7 5. Nf3 5... c5 {letzter Buchzug} 6. c3 cxd4 7. cxd4 (7. Nxd4 $2 7...
e5 $19) 7... O-O 8. Nc3 Nc6 9. O-O Re8 10. d5 Nb8 11. e4 Nbd7 12. Rc1 Nc5 13.
b4 Nxd3 14. Qxd3 a6 15. Rc2 Bd7 16. Rfc1 Rc8 17. Be3 b5 18. Nd2 Ng4 19. Ne2 (
19. Bd4 Bxd4 20. Qxd4 20... Ne5 $14) 19... Nxe3 $11 20. Qxe3 1/2-1/2

[Event "Bad Woerishofen op"]
[Site "Bad Woerishofen"]
[Date "2001.??.??"]
[Round "4"]
[White "Rothenhagen, Siegfried"]
[Black "Huhn, Ulrich"]
[Result "1/2-1/2"]
[WhiteElo "1715"]
[BlackElo "2048"]
[Annotator "ChessOrg"]
[PlyCount "133"]
[EventDate "1998.03.05"]
[Source "ChessBase"]
[SourceDate "1998.04.29"]

1. d4 {D00: Damenbauernspiele} 1... d5 2. Bf4 Bf5 3. e3 c6 4. c4 e6 5. a3 {
letzter Buchzug} 5... a5 6. cxd5 exd5 7. Nf3 Nd7 8. Bd3 Bxd3 9. Qxd3 Ngf6 10.
Nbd2 Be7 11. O-O Nh5 12. Rfe1 O-O 13. Bg3 (13. Qf5 $5 13... Nxf4 14. Qxf4 $11)
13... Nxg3 $15 14. hxg3 f5 15. Ne5 (15. Qb3 15... Ra7 $15) 15... Bd6 16. Nxd7
Qxd7 17. Nf3 Qe7 18. Qc3 Kh8 19. Ne5 (19. Rec1 19... a4 $15) 19... Rfe8 20. Nd3
Kg8 21. Rac1 Rec8 22. Nc5 Bxc5 23. Qxc5 Qxc5 24. Rxc5 Re8 25. Rec1 Kf7 26. Kf1
Ke6 27. Ke2 Ra6 28. R1c3 Rb6 29. Rc2 Ra8 30. Rd2 a4 31. Rcc2 Ra5 32. Kf3 h5 33.
Kf4 Kf6 34. Kf3 Kg5 35. Rc3 Rab5 36. Rcc2 Rb3 37. Re2 Ra6 38. Rc5 Rab6 39. Rcc2
Kf6 40. Red2 g6 41. Kf4 Ra6 42. Rc5 Ra8 43. Kf3 g5 44. Rc3 Rb6 45. Rc1 Re8 46.
Rh1 Kg6 47. Rc1 Rb3 48. Rc3 Rb6 (48... Rxc3 49. bxc3 b5 50. Rd1 $15) 49. Rc5
g4+ 50. Ke2 Ra8 51. Rc1 Ra5 52. Rcc2 Rab5 53. Kd3 Rb3+ 54. Ke2 Kg5 55. Kf1 Ra6
56. Ke2 Ra8 57. Rd1 Rh8 58. Rh1 Rb6 59. Kd2 Rh7 60. Ke2 Re7 61. Kd2 Re8 62. Ke2
Rh8 63. Kd2 Ra6 64. Rcc1 Rh6 65. Kc3 Rb6 66. Rc2 Rb3+ 67. Kd2 1/2-1/2

[Event "Bad Woerishofen op"]
[Site "Bad Woerishofen"]
[Date "2001.??.??"]
[Round "7"]
[White "Rothenhagen, Siegfried"]
[Black "Forster, Manfred"]
[Result "1-0"]
[WhiteElo "1715"]
[BlackElo "1900"]
[Annotator "ChessOrg"]
[PlyCount "37"]
[EventDate "1998.03.05"]
[Source "ChessBase"]
[SourceDate "1998.04.29"]

1. d4 {D02: Damenbauernspiele} 1... Nf6 2. Nf3 d5 3. Bf4 Bf5 4. e3 e6 5. Bd3
Bxd3 6. Qxd3 {letzter Buchzug} 6... Ne4 (6... Nbd7 7. Qb3 $11) 7. Nbd2 (7. Qb5+
7... Nd7 $14) 7... Nxd2 $11 8. Qxd2 c5 9. c3 Nd7 10. O-O Be7 11. Qe2 f6 (11...
O-O 12. Rad1 $11) 12. Rfe1 (12. e4 12... c4 $14) 12... cxd4 (12... g5 $5 13.
Bg3 h5 14. dxc5 14... Nxc5 $15) 13. exd4 $14 13... e5 $2 (13... Nf8 $14 $142)
14. dxe5 $18 14... O-O 15. exf6 Bxf6 16. Qe6+ Kh8 17. Qxd5 Bxc3 (17... Qc8 $18)
18. bxc3 Rxf4 19. Rad1 (19. Rad1 Rf8 20. Qxd7 $18) (19. Qxb7 $6 19... Nb6 $18)
1-0

[Event "Bad Woerishofen op"]
[Site "Bad Woerishofen"]
[Date "2001.??.??"]
[Round "9"]
[White "Rothenhagen, Siegfried"]
[Black "Wissinger, Peter"]
[Result "0-1"]
[WhiteElo "1715"]
[BlackElo "1965"]
[Annotator "ChessOrg"]
[PlyCount "66"]
[EventDate "1998.03.05"]
[Source "ChessBase"]
[SourceDate "1998.04.29"]

1. d4 {A80: Hollaendische Verteidigung} 1... e6 2. Nf3 f5 3. Bf4 Nf6 4. e3 b6
5. Be2 Bb7 6. O-O Be7 7. c4 {letzter Buchzug} 7... O-O 8. Nc3 Nh5 9. Bg3 Nxg3
10. hxg3 d6 11. d5 e5 12. e4 f4 13. g4 Nd7 14. Nh2 a5 15. Qd3 Nc5 16. Qh3 Bc8
17. g3 (17. b3 $5 $15) 17... Bg5 $17 18. Kg2 Rf6 19. gxf4 $2 (19. Kh1 $5 $17)
19... Bxf4 (19... Rxf4 $6 20. Rh1 $17) 20. Rh1 (20. Qh4 Qf8 21. g5 Bxg5 22.
Qxg5 $19) 20... Rh6 21. Qf3 Qh4 22. Rag1 Bxh2 23. Kf1 Qg5 24. Rg2 Bf4 25. Rxh6
Qxh6 26. Nb5 (26. Rg1 26... Bc1 $19) 26... Bd7 27. Nxc7 Rf8 28. Bd3 (28. Bd1
28... Be3 $1 29. Qxf8+ Kxf8 30. fxe3 Qxe3 31. Rf2+ Ke7 32. Kg2 $19) 28... Qh1+
29. Ke2 29... Bd2 $1 30. Qxf8+ Kxf8 31. Rg3 Qe1+ 32. Kf3 Nxd3 33. Rg2 (33. Ne6+
Bxe6 34. Kg2 Qxf2+ 35. Kh3 Nf4+ 36. Kh4 Qh2+ 37. Rh3 Qxh3+ 38. Kg5 Qxg4#) 33...
Bf4 (33... Bf4 34. Ne6+ Bxe6 35. Rh2 Qf1 36. dxe6 Ne1#) 0-1

[Event "Bad Woerishofen op"]
[Site "Bad Woerishofen"]
[Date "2001.??.??"]
[Round "2"]
[White "Saenger, Thomas"]
[Black "Schwabe, Manfred"]
[Result "1-0"]
[WhiteElo "1997"]
[BlackElo "1675"]
[Annotator "ChessOrg"]
[PlyCount "57"]
[EventDate "1998.03.05"]
[Source "ChessBase"]
[SourceDate "1998.04.29"]

1. e4 {C11: Franzoesische Verteidigung} 1... e6 2. d4 d5 3. Nc3 dxe4 4. Nxe4
Nf6 5. Bg5 Be7 6. Bxf6 Bxf6 7. Nf3 Bd7 8. Bd3 8... Nc6 {letzter Buchzug} 9. c3
g6 10. Qe2 O-O 11. h4 h6 12. O-O-O Bg7 13. Bc2 Ne7 (13... Bc8 14. h5 g5 15. Ne5
$14) 14. Ne5 (14. h5 14... g5 $16) 14... Bc6 15. h5 Bxe4 (15... g5 $5 $14) 16.
Qxe4 $18 16... Qd5 17. hxg6 17... Bxe5 $2 (17... fxg6 $5 $142 18. Nxg6 Nxg6 19.
Qxg6 Rf6 20. Qh7+ 20... Kf7 $16) 18. g7 $1 18... Kxg7 $2 19. Qh7+ (19. dxe5
Qxe4 20. Bxe4 20... Ng6 $16) (19. Qxe5+ $6 19... Qxe5 20. dxe5 20... Rad8 $14)
19... Kf6 20. dxe5+ Qxe5 21. Rxh6+ Ng6 22. Bxg6 Qg5+ 23. f4 Qxf4+ 24. Kb1 Ke7
25. Bc2 Rad8 26. Rhh1 Rd2 (26... Rxd1+ 27. Bxd1 27... Rd8 $18) 27. Rxd2 Qxd2
28. Qh4+ f6 29. Qb4+ (29. Qb4+ Qd6 30. Qxb7 $18) (29. Rd1 Qg5 30. Qb4+ Ke8 31.
Qxb7 f5 32. Qxc7 Qe7 33. Rd8+ 33... Kf7 $18) 1-0

[Event "Bad Woerishofen op"]
[Site "Bad Woerishofen"]
[Date "2001.??.??"]
[Round "4"]
[White "Saenger, Thomas"]
[Black "Keller, Manfred"]
[Result "1/2-1/2"]
[WhiteElo "1997"]
[BlackElo "2229"]
[Annotator "ChessOrg"]
[PlyCount "73"]
[EventDate "1998.03.05"]
[Source "ChessBase"]
[SourceDate "1998.04.29"]

1. e4 {B02: Aljechin-Verteidigung (Jagdvariante)} 1... Nf6 2. Nc3 d5 3. e5 Ne4
4. Nce2 d4 5. c3 Nc6 6. cxd4 Ng5 7. h4 {letzter Buchzug} 7... Ne6 8. Nf3 g6 9.
Qb3 Nexd4 10. Nexd4 Nxd4 11. Qa4+ Nc6 12. d4 Be6 13. Be3 Bg7 14. h5 gxh5 15.
Rxh5 Qd5 16. Bb5 a6 17. Bxc6+ Qxc6 18. Qxc6+ bxc6 19. Nd2 Bd5 20. f3 f6 21. b3
(21. exf6 $5 21... exf6 22. Ke2 $14) 21... fxe5 $11 22. dxe5 Bf7 23. Rh3 Bxe5
24. Rc1 Bd5 25. Nc4 Bf6 26. Kf2 h5 27. Bf4 Bd4+ 28. Kf1 O-O-O 29. Ne5 Kb7 (
29... Rd6 30. Nd3 Rg6 31. Rd1 $11) 30. Nd3 Kb6 31. Be5 Bxe5 32. Nxe5 Rdg8 33.
Rh4 a5 34. Nd7+ Kb7 35. Nc5+ Kb6 36. Nd7+ Kb7 37. Nc5+ 1/2-1/2

[Event "Bad Woerishofen op"]
[Site "Bad Woerishofen"]
[Date "2001.??.??"]
[Round "6"]
[White "Saenger, Thomas"]
[Black "Grau, Helmut"]
[Result "1-0"]
[WhiteElo "1997"]
[BlackElo "1752"]
[Annotator "ChessOrg"]
[PlyCount "73"]
[EventDate "1998.03.05"]
[Source "ChessBase"]
[SourceDate "1998.04.29"]

1. e4 {B07: Pirc-Ufimzew-Verteidigung} 1... d6 2. d4 Nf6 3. Nc3 g6 4. g3 Bg7 5.
Bg2 O-O 6. Nge2 Nc6 7. h3 e5 8. Be3 Nd7 9. O-O {letzter Buchzug} 9... f5 (9...
exd4 10. Nxd4 Nde5 11. Nd5 $11) 10. f4 exf4 11. Bxf4 fxe4 12. Nxe4 Nf6 (12...
d5 $5 13. N4c3 13... Nb6 $14) 13. Bg5 $14 13... Bf5 14. N2c3 Kh8 15. g4 Nxe4 (
15... Bxe4 $5 16. Nxe4 h6 17. Bxf6 17... Bxf6 $14) 16. Nxe4 Bxd4+ 17. Kh1 Qd7
18. gxf5 gxf5 19. Nc3 Qg7 20. Qd2 Be5 21. Bf4 Nd4 (21... Rae8 22. Rae1 $16) 22.
Rg1 Bxf4 23. Qxf4 Qe5 24. Qf2 c6 25. Rac1 (25. Rae1 25... Qf6 $18) 25... Qf6 (
25... Ne6 $18 $142) 26. Rcd1 c5 27. Nd5 (27. Bxb7 $6 27... Rab8 28. Qg2 28...
Rg8 $16) 27... Qf7 $6 (27... Qg7 28. Nf4 Qh6 29. Bxb7 $18) 28. c3 (28. Rxd4
$142 28... cxd4 29. Qxd4+ Qg7 30. Qxg7+ 30... Kxg7 $18) 28... Ne6 29. Nf4 29...
Rad8 $4 (29... Nxf4 30. Qxf4 30... Rae8 $18) 30. Bd5 Qf6 (30... Rde8 31. Qh4
Nxf4 32. Bxf7 Rxf7 33. Qxf4 Rg7 34. Rxg7 Kxg7 35. Qxf5 Re5 36. Rg1+ Kh6 37.
Qf4+ Kh5 38. Qg4+ Kh6 39. Qg7+ Kh5 40. Qxh7#) 31. Nxe6 Qh6 32. Nxd8 (32. Qf3
$142 32... Qf6 33. Nxd8 Rxd8 34. Rd2 $18) 32... Rxd8 (32... Qxh3+ 33. Qh2 Qxh2+
34. Kxh2 Rxd8 35. Rde1 h5 36. Re7 Re8 37. Rxe8+ Kh7 38. Be6 f4 39. Bf5+ Kh6 40.
Rh8#) 33. Rde1 (33. Qxf5 33... Rf8 $18) 33... f4 34. Qg2 Qg6 35. Qxg6 hxg6 36.
Rxg6 f3 (36... Kh7 37. Reg1 Re8 38. R6g4 Re6 39. Bxe6 f3 40. Rh4#) 37. Re7 (37.
Re7 Rf8 38. Rh6#) 1-0

[Event "Bad Woerishofen op"]
[Site "Bad Woerishofen"]
[Date "2001.??.??"]
[Round "8"]
[White "Saenger, Thomas"]
[Black "Walke, Guenter"]
[Result "1-0"]
[WhiteElo "1997"]
[BlackElo "1747"]
[Annotator "ChessOrg"]
[PlyCount "83"]
[EventDate "1998.03.05"]
[Source "ChessBase"]
[SourceDate "1998.04.29"]

1. e4 {B01: Skandinavische Verteidigung} 1... d5 2. exd5 Nf6 3. Bb5+ Bd7 4. Bc4
Bg4 5. f3 Bf5 6. Nc3 c6 7. dxc6 Nxc6 8. d3 8... e6 {letzter Buchzug} 9. Be3 a6
10. Nge2 Bd6 11. Qd2 Na5 12. Bb3 Nxb3 13. axb3 Bb4 14. Bg5 h6 15. Bxf6 Qxf6 16.
Qf4 Qe7 17. O-O-O (17. O-O 17... Rd8 $14) 17... O-O $11 18. g4 Bh7 19. h4 Rac8
20. Ne4 e5 21. Qe3 Qc7 22. N4c3 (22. c3 f5 23. gxf5 23... Rxf5 $14) 22... a5 (
22... Bc5 23. Qd2 b5 24. Kb1 $15) 23. f4 exf4 24. Qxf4 Bd6 (24... Qxf4+ $5 25.
Nxf4 Bxc3 26. bxc3 26... Rxc3 $14) 25. Qf3 $14 25... Rfe8 26. g5 Re6 27. Rhf1
Bb4 28. Qf4 Bd6 29. Qg4 Rg6 30. Nd4 30... Be5 $2 (30... Qd8 31. Qf3 Qd7 32. Nf5
$16) 31. Ndb5 (31. Nd5 $142 31... Qc5 32. Ne7+ Qxe7 33. Qxc8+ Qf8 34. Qxf8+
34... Kxf8 $18) 31... Qc5 $4 (31... Qd8 $142 32. Qf3 32... Qd7 $16) 32. d4 $18
32... Qc6 (32... Bxd4 33. Qxd4 Qxd4 34. Rxd4 (34. Nxd4 $143 34... hxg5 35. Nd5
Kf8 36. hxg5 36... Re8 $18) 34... hxg5 35. hxg5 Rxg5 36. Rh1 $18) 33. dxe5 (33.
Na7 $142 33... Qe6 34. Qxe6 Rxe6 (34... fxe6 $4 35. Nxc8 Bf6 36. gxf6 $18) 35.
Nxc8 35... Bg3 $18) 33... Re6 (33... Qe6 34. Qxe6 Rxe6 35. Nd6 $18) 34. Rd6 (
34. Na7 $5 34... h5 35. Qf4 Qg2 36. Qxf7+ 36... Kh8 $18) 34... Qe8 (34... Qc5
35. Rxe6 fxe6 36. Nd6 $18) 35. Rxe6 (35. gxh6 g6 36. Rxf7 Qxf7 37. Qxe6 Qxe6
38. Rxe6 38... Rf8 $18) 35... fxe6 (35... Qxe6 36. Qxe6 fxe6 37. gxh6 37...
gxh6 $18) 36. Nd6 Qg6 (36... h5 37. Qe2 Rxc3 38. bxc3 $18) 37. Qe4 (37. Nce4
$142 37... h5 38. Nxc8 Qf7 (38... hxg4 $4 39. Ne7+ Kh8 40. Rf8+ Bg8 41. Nxg6+
Kh7 42. Ne7 g3 43. Rxg8 g2 44. g6+ Kh6 45. Rh8#) 39. Rxf7 39... hxg4 $18) 37...
Qh5 (37... Rc5 38. Qxg6 Bxg6 39. gxh6 39... Rxe5 $18) 38. Qxb7 Rd8 39. Qe7 Ra8
40. Qxe6+ Kh8 41. Nf7+ Kg8 42. Nd8+ (42. Nd8+ Qf7 43. Qxf7+ Kh8 44. gxh6 gxh6
45. Qf6+ Kg8 46. Qf8#) 1-0

[Event "Bad Woerishofen op"]
[Site "Bad Woerishofen"]
[Date "2001.??.??"]
[Round "9"]
[White "Saenger, Thomas"]
[Black "Engels, Marco"]
[Result "1/2-1/2"]
[WhiteElo "1997"]
[BlackElo "2158"]
[Annotator "ChessOrg"]
[PlyCount "56"]
[EventDate "1998.03.05"]
[Source "ChessBase"]
[SourceDate "1998.04.29"]

1. e4 {C01: Franzoesische Verteidigung (Abtauschvariante)} 1... e6 2. d4 d5 3.
Nc3 Bb4 4. exd5 exd5 5. Bd3 Nc6 6. a3 Ba5 7. Nge2 Nge7 8. Bg5 8... Be6 {
letzter Buchzug} 9. O-O Qd7 (9... h6 10. Be3 $11) 10. Bb5 Ng6 11. Na4 Bb6 12.
Nxb6 axb6 13. Nf4 Nxf4 14. Bxf4 O-O 15. c3 Bg4 16. Qd2 Qc8 17. Bg3 (17. Rae1
17... Qd7 $16) 17... Nd8 (17... Na5 18. Qf4 c6 19. Bd3 $14) 18. Qf4 c6 19. Bd3
Bh5 20. Bf5 Ne6 21. Qe5 Bg6 22. Bxe6 Qxe6 23. Rfe1 Rfe8 24. f3 (24. Qxe6 $5
24... fxe6 25. Bd6 $16) 24... Qxe5 $11 25. Bxe5 f6 26. Bc7 b5 27. Kf2 Kf7 28.
Rxe8 Rxe8 1/2-1/2

[Event "Bad Woerishofen op"]
[Site "Bad Woerishofen"]
[Date "2001.??.??"]
[Round "2"]
[White "Sailer, Wolfgang"]
[Black "Kniest, Oliver"]
[Result "1-0"]
[WhiteElo "2123"]
[BlackElo "2306"]
[Annotator "ChessOrg"]
[PlyCount "39"]
[EventDate "1998.03.05"]
[Source "ChessBase"]
[SourceDate "1998.04.29"]

1. d4 {A43: Alt-Benoni} 1... e6 2. Nf3 c5 3. g3 b6 4. d5 4... d6 {
letzter Buchzug} 5. Bg2 e5 (5... Bb7 6. c4 $11) 6. Nc3 (6. Nxe5 dxe5 7. d6 Qxd6
8. Bxa8 Qxd1+ 9. Kxd1 9... Nf6 $18) 6... g6 (6... Nd7 7. O-O $14) 7. O-O (7.
Nxe5 $5 $142 7... Bg7 8. Nc6 $16) 7... Bg7 $11 8. a4 a6 9. Nd2 f5 10. Nc4 Qc7
11. e4 Nf6 (11... Ne7 12. exf5 Nxf5 13. Ne4 $14) 12. f4 $16 12... fxe4 13. fxe5
dxe5 14. d6 (14. Nxe4 $6 14... Nxe4 15. Bxe4 15... Ra7 $18) 14... Qd8 15. Nd5
15... O-O $2 (15... Ra7 $142 16. Bg5 16... O-O $16) 16. Nxf6+ $18 16... Rxf6 (
16... Bxf6 17. Qd5+ Rf7 18. Qxa8 18... Bb7 $18) 17. Rxf6 Qxf6 18. Qd5+ Qf7 19.
Qxa8 Qxc4 20. Be3 (20. Be3 Qe6 21. Qxb8 $18) (20. Qxb8 $5 20... Qe6 $18) 1-0

[Event "Bad Woerishofen op"]
[Site "Bad Woerishofen"]
[Date "2001.??.??"]
[Round "4"]
[White "Sailer, Wolfgang"]
[Black "Schaefer, Michael"]
[Result "1/2-1/2"]
[WhiteElo "2123"]
[BlackElo "2208"]
[Annotator "ChessOrg"]
[PlyCount "110"]
[EventDate "1998.03.05"]
[Source "ChessBase"]
[SourceDate "1998.04.29"]

1. d4 {D93: Gruenfeld-Verteidigung (5.Lf4)} 1... Nf6 2. c4 g6 3. Nc3 d5 4. Nf3
Bg7 5. Bf4 O-O 6. e3 c5 7. dxc5 Qa5 8. Rc1 dxc4 9. Bxc4 Qxc5 10. Bb3 Nc6 11.
O-O Qh5 12. Qe2 {letzter Buchzug} 12... e5 13. Bg3 e4 (13... Bg4 14. h3 Bxf3
15. Qxf3 Qxf3 16. gxf3 $11) 14. Nd2 Bg4 15. Qe1 Nb4 16. Ndxe4 (16. h3 Bf5 17.
Qe2 17... Nd3 $11) 16... Nxe4 $15 17. Nxe4 Nd3 18. Qd2 Nxc1 19. Rxc1 Qb5 (19...
Rad8 20. Qb4 $15) 20. h3 (20. Rc7 Be6 21. Nd6 Qh5 22. Rxb7 Bxb3 23. Rxb3 23...
Rab8 $11) 20... Be6 $15 21. Bxe6 fxe6 22. Rc5 (22. Rc7 Rfd8 (22... Bxb2 $4 23.
a4 Bc1 24. Qd4 $18 (24. Qxc1 Qh5 25. Qb2 e5 26. Bxe5 Qxe5 27. Qxe5 Rf7 28. Rxf7
Kxf7 29. Ng5+ Kf8 30. Qf6+ Ke8 31. Qf7+ Kd8 32. Ne6+ Kc8 33. Qc7#) (24. Rxc1
$143 24... Qxa4 25. Nc5 25... Qe8 $18)) 23. Rxg7+ Kxg7 24. Qc3+ Kg8 25. Nf6+
25... Kf7 $17) 22... Qxb2 23. Qd7 Rad8 (23... Qb1+ 24. Kh2 24... Qxe4 $11) 24.
Qxe6+ $11 24... Kh8 25. Rc7 (25. Nd6 $11 $142) 25... Rde8 $17 26. Re7 Rxe7 27.
Qxe7 Qxa2 28. Ng5 $2 (28. Qxb7 $5 $142 28... a5 29. Nd6 $17) 28... Qa1+ $19 29.
Kh2 Qf6 30. Qc5 Qf5 (30... b6 $5 31. Qd5 Qf5 32. Qxf5 Rxf5 33. Ne6 $19) 31. Qe7
Qf6 (31... a5 $19) 32. Qc5 b6 33. Qd5 Qf5 34. e4 (34. Qxf5 Rxf5 35. Ne6 35...
a5 $19) 34... Qxd5 35. exd5 Bf6 (35... Rf5 $5 $142 36. Ne6 Rxd5 37. Bc7 $19)
36. Ne4 Kg7 37. f4 $6 (37. Kg1 Re8 38. f3 Be5 39. Bxe5+ 39... Rxe5 $19) 37...
Rf7 (37... Re8 $5 38. Nd6 Rd8 39. Nb5 $19) 38. d6 Rd7 39. Bf2 Kf7 40. g4 Ke6
41. Kg2 h6 42. Kf3 Bg7 43. h4 Rxd6 (43... Kd5 $19 $142) 44. f5+ $17 44... gxf5
45. gxf5+ Kd7 46. Nxd6 Kxd6 47. Ke4 Bf6 (47... h5 $5 $17) 48. h5 $15 48... Kc6
49. Be3 Bg7 50. f6 Bxf6 51. Bxh6 a5 52. Bf8 Bg5 53. h6 Bxh6 54. Bxh6 b5 (54...
a4 55. Bf8 55... Kb7 $11) 55. Kd4 Kd6 1/2-1/2

[Event "Bad Woerishofen op"]
[Site "Bad Woerishofen"]
[Date "2001.??.??"]
[Round "6"]
[White "Sailer, Wolfgang"]
[Black "Schuette, Manfred"]
[Result "1-0"]
[WhiteElo "2123"]
[BlackElo "2283"]
[Annotator "ChessOrg"]
[PlyCount "72"]
[EventDate "1998.03.05"]
[Source "ChessBase"]
[SourceDate "1998.04.29"]

1. d4 {A69: Benoni (Dreibauern-System)} 1... Nf6 2. c4 g6 3. Nc3 Bg7 4. e4 d6
5. f4 O-O 6. Nf3 c5 7. d5 e6 8. Be2 exd5 9. cxd5 Re8 10. e5 dxe5 11. fxe5 Ng4
12. O-O Nxe5 13. Bf4 Bf5 14. Bb5 {letzter Buchzug} 14... Nbd7 15. Nxe5 Bxe5 (
15... Rxe5 $143 16. g4 (16. Bxe5 $6 16... Bxe5 17. Rc1 17... Nf6 $11) 16... Qh4
17. gxf5 Rxf5 18. Be3 (18. Bxd7 $143 18... Rxf4 19. Qe2 19... Rd8 $11) 18...
Rxf1+ 19. Qxf1 $16) 16. g4 (16. Bxe5 Rxe5 17. Re1 Rxe1+ 18. Qxe1 a6 19. Bxd7
19... Qxd7 $17) 16... Bd4+ 17. Kh1 Bxc3 18. bxc3 Be4+ 19. Kg1 a6 20. Be2 b5 21.
Qd2 Ne5 (21... Bxd5 22. Bxb5 axb5 23. Qxd5 $17) 22. Rad1 Qd7 23. h3 c4 24. d6
Bb7 25. Kh2 Qc6 26. Rf2 Rad8 27. Bxe5 Rxe5 28. Qf4 (28. Bf3 $5 28... Qd7 29.
Bxb7 Qxb7 30. Qf4 $17) 28... Qe8 $19 29. Bf3 Bxf3 30. Qxf3 Re3 31. Qf6 Re2 32.
Rd2 (32. Rd5 Rd7 33. Rxe2 Qxe2+ 34. Kg1 Qe1+ (34... Qxa2 $2 35. Re5 Qb1+ 36.
Kf2 Qc2+ 37. Re2 Rxd6 38. Qxd6 $18 (38. Rxc2 $4 38... Rxf6+ 39. Ke3 39... Rd6
$19)) 35. Kh2 35... Qe6 $17) 32... Re1 (32... Qe5+ 33. Qxe5 Rxe5 34. Rf6 $19)
33. d7 $2 (33. Rd4 $17 $142) 33... Rxd7 $19 34. Rxd7 Qxd7 35. Qxa6 (35. Qf3 $19
) 35... Qd5 36. Qc8+ (36. Qf6 Qh1+ 37. Kg3 Re3+ 38. Kf4 Qe4+ 39. Kg5 h6+ 40.
Kxh6 Rxh3+ 41. Kg5 Qe3+ 42. Qf4 Qe7+ 43. Qf6 Qc5+ 44. Rf5 gxf5 45. Qd8+ Kh7 46.
Qd7 Qe3+ 47. Kf6 Qxc3+ 48. Kg5 $19) 36... Kg7 1-0

[Event "Bad Woerishofen op"]
[Site "Bad Woerishofen"]
[Date "2001.??.??"]
[Round "8"]
[White "Sailer, Wolfgang"]
[Black "Wendel, Stephan"]
[Result "1-0"]
[WhiteElo "2123"]
[BlackElo "2217"]
[Annotator "ChessOrg"]
[PlyCount "61"]
[EventDate "1998.03.05"]
[Source "ChessBase"]
[SourceDate "1998.04.29"]

1. d4 {D02: Damenbauernspiele} 1... d5 2. Nf3 c6 3. g3 Bg4 4. Bg2 Nd7 5. c4 e6
6. O-O Bd6 7. Nc3 {letzter Buchzug} 7... Ngf6 8. Nd2 O-O 9. Qc2 Bc7 10. e4 dxe4
11. Ndxe4 Nxe4 12. Nxe4 Nf6 13. Bg5 Qxd4 14. Rad1 Bxd1 (14... Qxd1 15. Rxd1)
15. Rxd1 Qe5 16. Nxf6+ gxf6 17. Bf4 Qa5 18. b4 $1 18... Qxb4 19. Bxc7 Rfc8 20.
Rd7 Rxc7 (20... a6 $5 $16) 21. Rxc7 $18 21... Rd8 22. Bf1 Qb6 23. Re7 Qb4 24.
c5 Rd5 25. Qc1 Kf8 26. Rc7 Rd2 27. Bc4 b5 (27... Qb2 28. Qxb2 Rxb2 29. Bb3 $18)
28. cxb6 Qd6 (28... axb6 29. Rxc6 Rb2 30. Qh6+ 30... Ke7 $18) 29. bxa7 Rd1+ 30.
Qxd1 $1 30... Qxd1+ 31. Bf1 (31. Bf1 Qd8 32. Rb7 $18) 1-0

[Event "Bad Woerishofen op"]
[Site "Bad Woerishofen"]
[Date "2001.??.??"]
[Round "2"]
[White "Sakkal, Cherin"]
[Black "Braun, Peter"]
[Result "0-1"]
[WhiteElo "1884"]
[BlackElo "2254"]
[Annotator "ChessOrg"]
[PlyCount "88"]
[EventDate "1998.03.05"]
[Source "ChessBase"]
[SourceDate "1998.04.29"]

1. e4 {B15: Caro-Kann (Flohr-Variante)} 1... c6 2. d4 d5 3. Nc3 g6 4. Be3 Bg7
5. Qd2 5... Qa5 {letzter Buchzug} 6. exd5 cxd5 7. Nb5 Qxd2+ 8. Kxd2 Na6 9. Re1
Nf6 10. h3 O-O 11. Bd3 Bd7 12. Nf3 (12. c3 $5 $11) 12... Nb4 $15 13. Nc3 Rfc8
14. Ne5 Bf5 (14... Nxd3 $5 $142 15. Nxd3 15... Bf5 $11) 15. Bxf5 $11 15... gxf5
16. f3 e6 17. g4 fxg4 18. hxg4 Nc6 19. Bf2 Nxe5 20. Rxe5 Rc6 21. Nd1 Rac8 22.
c3 b5 23. Bh4 b4 24. Kd3 Ra6 (24... bxc3 25. bxc3 h6 26. Re2 $11) 25. Bxf6 $14
25... Bxf6 26. Reh5 Rxa2 27. g5 Bg7 28. Rxh7 (28. cxb4 $143 28... Ra4 $17)
28... bxc3 29. bxc3 Rb8 30. R7h2 Rxh2 31. Rxh2 Bf8 (31... a5 32. Ra2 Rb5 33.
Ra4 $15) 32. Ra2 $11 32... Rb7 33. Ra6 Kg7 34. Ne3 Be7 35. f4 Bd8 36. Ng4 Kg6
37. Ke3 (37. Ne3 $5 37... Kg7 38. g6 $11) 37... Bc7 $15 38. Nf6 Kf5 39. Kf3 $2
(39. Nxd5 $142 39... exd5 40. Rf6+ Kg4 41. Rxf7 Bxf4+ 42. Rxf4+ Kxg5 43. Rf8
$11) 39... Bxf4 $19 40. Nxd5 exd5 41. Rf6+ Kxg5 42. Rxf4 f5 43. Kg3 Rb3 44. Rf3
a5 (44... a5 45. Kf2 45... f4 $19) 0-1